| 000 | 04636nam a22007215i 4500 | ||
|---|---|---|---|
| 001 | 978-3-319-68127-6 | ||
| 003 | DE-He213 | ||
| 005 | 20210118125109.0 | ||
| 007 | cr nn 008mamaa | ||
| 008 | 170929s2017 gw | s |||| 0|eng d | ||
| 020 |
_a9783319681276 _9978-3-319-68127-6 |
||
| 024 | 7 |
_a10.1007/978-3-319-68127-6 _2doi |
|
| 050 | 4 | _aTA1630-1650 | |
| 072 | 7 |
_aUYT _2bicssc |
|
| 072 | 7 |
_aCOM012000 _2bisacsh |
|
| 072 | 7 |
_aUYT _2thema |
|
| 072 | 7 |
_aUYQV _2thema |
|
| 082 | 0 | 4 |
_a006.6 _223 |
| 082 | 0 | 4 |
_a006.37 _223 |
| 245 | 1 | 0 |
_aSimulation and Synthesis in Medical Imaging _h[electronic resource] : _bSecond International Workshop, SASHIMI 2017, Held in Conjunction with MICCAI 2017, Québec City, QC, Canada, September 10, 2017, Proceedings / _cedited by Sotirios A. Tsaftaris, Ali Gooya, Alejandro F. Frangi, Jerry L. Prince. |
| 250 | _a1st ed. 2017. | ||
| 264 | 1 |
_aCham : _bSpringer International Publishing : _bImprint: Springer, _c2017. |
|
| 300 |
_aX, 109 p. 41 illus. _bonline resource. |
||
| 336 |
_atext _btxt _2rdacontent |
||
| 337 |
_acomputer _bc _2rdamedia |
||
| 338 |
_aonline resource _bcr _2rdacarrier |
||
| 347 |
_atext file _bPDF _2rda |
||
| 490 | 1 |
_aImage Processing, Computer Vision, Pattern Recognition, and Graphics ; _v10557 |
|
| 520 | _aThis book constitutes the refereed proceedings of the Second International Workshop on Simulation and Synthesis in Medical Imaging, held in conjunction with MICCAI 2017, in Québec City, Canada, in September 2017. The 11 revised full papers presented were carefully reviewed and selected from 14 submissions. The contributions span the following broad categories: cross modality (PET/MR, PET/CT, CT/MR, etc.) image synthesis, simulation and synthesis from large-scale image databases, automated techniques for quality assessment images, and several applications of image synthesis and simulation in medical imaging such as image interpolation and segmentation, image reconstruction, cell imaging, and blood flow. | ||
| 650 | 0 | _aOptical data processing. | |
| 650 | 0 | _aHealth informatics. | |
| 650 | 0 | _aArtificial intelligence. | |
| 650 | 0 | _aComputer simulation. | |
| 650 | 0 | _aManagement information systems. | |
| 650 | 0 | _aComputer science. | |
| 650 | 0 | _aAlgorithms. | |
| 650 | 1 | 4 |
_aImage Processing and Computer Vision. _0http://scigraph.springernature.com/things/product-market-codes/I22021 |
| 650 | 2 | 4 |
_aHealth Informatics. _0http://scigraph.springernature.com/things/product-market-codes/I23060 |
| 650 | 2 | 4 |
_aArtificial Intelligence. _0http://scigraph.springernature.com/things/product-market-codes/I21000 |
| 650 | 2 | 4 |
_aSimulation and Modeling. _0http://scigraph.springernature.com/things/product-market-codes/I19000 |
| 650 | 2 | 4 |
_aManagement of Computing and Information Systems. _0http://scigraph.springernature.com/things/product-market-codes/I24067 |
| 650 | 2 | 4 |
_aAlgorithm Analysis and Problem Complexity. _0http://scigraph.springernature.com/things/product-market-codes/I16021 |
| 700 | 1 |
_aTsaftaris, Sotirios A. _eeditor. _0(orcid)0000-0002-8795-9294 _1https://orcid.org/0000-0002-8795-9294 _4edt _4http://id.loc.gov/vocabulary/relators/edt |
|
| 700 | 1 |
_aGooya, Ali. _eeditor. _0(orcid)0000-0001-5135-4800 _1https://orcid.org/0000-0001-5135-4800 _4edt _4http://id.loc.gov/vocabulary/relators/edt |
|
| 700 | 1 |
_aFrangi, Alejandro F. _eeditor. _0(orcid)0000-0002-2675-528X _1https://orcid.org/0000-0002-2675-528X _4edt _4http://id.loc.gov/vocabulary/relators/edt |
|
| 700 | 1 |
_aPrince, Jerry L. _eeditor. _0(orcid)0000-0002-6553-0876 _1https://orcid.org/0000-0002-6553-0876 _4edt _4http://id.loc.gov/vocabulary/relators/edt |
|
| 710 | 2 | _aSpringerLink (Online service) | |
| 773 | 0 | _tSpringer eBooks | |
| 776 | 0 | 8 |
_iPrinted edition: _z9783319681269 |
| 776 | 0 | 8 |
_iPrinted edition: _z9783319681283 |
| 830 | 0 |
_aImage Processing, Computer Vision, Pattern Recognition, and Graphics ; _v10557 |
|
| 856 | 4 | 0 | _uhttps://doi.org/10.1007/978-3-319-68127-6 |
| 912 | _aZDB-2-SCS | ||
| 912 | _aZDB-2-LNC | ||
| 999 |
_c446830 _d446830 |
||
| 942 | _cEB | ||
| 506 | _aAvailable to subscribing member institutions only. Доступно лише організаціям членам підписки. | ||
| 506 | _fOnline access from local network of NaUOA. | ||
| 506 | _fOnline access with authorization at https://link.springer.com/ | ||
| 506 | _fОнлайн-доступ з локальної мережі НаУОА. | ||
| 506 | _fОнлайн доступ з авторизацією на https://link.springer.com/ | ||